[Event "Baltic Sea Cup"]
[Site "Bornholm"]
[Date "2008.08.06"]
[Round "10"]
[White "Jannik, Morten Emil"]
[Black "Kristiansen, Orla"]
[Result "1/2-1/2"]
[WhiteElo "1534"]
[BlackElo "1940"]
[PlyCount "85"]
[EventDate "2008.07.29"]
[EventType "swiss"]
[EventRounds "10"]
[EventCountry "DEN"]
[SourceTitle "CBM 125 Extra"]
[Source "ChessBase"]
[SourceDate "2008.09.01"]
[SourceVersion "1"]
[SourceVersionDate "2008.09.01"]
[SourceQuality "1"]

1. e4 e6 2. d4 d5 3. e5 c5 4. c3 Qb6 5. Nf3 Bd7 6. Bd3 cxd4 7. cxd4 Bb5 8. 0-0 Bxd3 9. Qxd3 Nc6 10. Nc3 Nge7 11. Bf4 Nf5 12. Be3 0-0-0 13. Na4 Qb4 14. b3 Kb8 15. Rfe1 Nxe3 16. fxe3 Be7 17. Nc5 Qa5 18. a3 Rc8 19. b4 Qd8 20. Qb5 Bxc5 21. bxc5 Qa5 22. Qe2 f6 23. exf6 gxf6 24. Rab1 Rhg8 25. Rb5 Qc3 26. Reb1 Rg7 27. R5b3 Qa5 28. Qb2 Rcc7 29. Qe2 Ka8 30. e4 Rg4 31. exd5 Nxd4 32. Nxd4 Rxd4 33. Rb5 Qd2 34. Qh5 Rxd5 35. Qe8+ Rd8 36. Qxe6 Qd4+ 37. Kf1 Qf4+ 38. Kg1 Rcd7 39. Rf1 Rd1 40. Rb1 Qd4+ 41. Kh1 Rxb1 42. Rxb1 Qd1+ 43. Qe1 1/2-1/2

[Event "Baltic Sea Cup"]
[Site "Bornholm"]
[Date "2008.08.05"]
[Round "9"]
[White "Caceres, Cipriano Sande"]
[Black "Kristiansen, Orla"]
[Result "1-0"]
[WhiteElo "1792"]
[BlackElo "1940"]
[PlyCount "73"]
[EventDate "2008.07.29"]
[EventType "swiss"]
[EventRounds "10"]
[EventCountry "DEN"]
[SourceTitle "CBM 125 Extra"]
[Source "ChessBase"]
[SourceDate "2008.09.01"]
[SourceVersion "1"]
[SourceVersionDate "2008.09.01"]
[SourceQuality "1"]

1. c4 e5 2. Nc3 Nc6 3. g3 g6 4. Bg2 Bg7 5. e3 f5 6. Nge2 d6 7. d4 e4 8. f3 exf3 9. Bxf3 Nf6 10. 0-0 0-0 11. Nf4 Re8 12. Nfd5 Kh8 13. b4 Nxd5 14. Nxd5 Be6 15. Rb1 Bg8 16. Qd3 Qd7 17. b5 Ne7 18. Nxe7 Qxe7 19. Bxb7 Rab8 20. Bc6 Rf8 21. Bb2 h5 22. d5 Be5 23. Bxe5+ dxe5 24. Rf2 Bh7 25. Qc3 g5 26. c5 Rf6 27. Rd1 Rd8 28. Rfd2 f4 29. exf4 gxf4 30. d6 cxd6 31. Rxd6 Rfxd6 32. cxd6 Rxd6 33. Rxd6 Qxd6 34. gxf4 Kg7 35. fxe5 Qd1+ 36. Kf2 Kh6 37. Qe3+ 1-0

[Event "Baltic Sea Cup"]
[Site "Bornholm"]
[Date "2008.07.29"]
[Round "1"]
[White "Hansen, Lars Bo"]
[Black "Kristiansen, Orla"]
[Result "1-0"]
[WhiteElo "2569"]
[BlackElo "1940"]
[PlyCount "79"]
[EventDate "2008.07.29"]
[EventType "swiss"]
[EventRounds "10"]
[EventCountry "DEN"]
[SourceTitle "CBM 125 Extra"]
[Source "ChessBase"]
[SourceDate "2008.09.01"]
[SourceVersion "1"]
[SourceVersionDate "2008.09.01"]
[SourceQuality "1"]

1. d4 d5 2. Nf3 Nf6 3. c4 c6 4. Nc3 e6 5. e3 Nbd7 6. Qc2 b6 7. cxd5 cxd5 8. Nb5 Bb4+ 9. Bd2 Bxd2+ 10. Nxd2 0-0 11. Be2 Ba6 12. 0-0 Qe7 13. f4 Rac8 14. Qb3 Nb8 15. Rfc1 Nc6 16. a3 Qd7 17. Qa4 Nb8 18. h3 Rfd8 19. Qb3 Nc6 20. a4 Qe7 21. Rc3 Na5 22. Qa3 Qd7 23. Rac1 Rxc3 24. Rxc3 Rc8 25. Bf1 Rxc3 26. Qxc3 Ne8 27. Nf3 f6 28. Nd2 Kf7 29. b3 Kg8 30. b4 Nb7 31. Qb3 Nbd6 32. Nxd6 Bxf1 33. Nxe8 Ba6 34. b5 Bb7 35. Nxf6+ gxf6 36. Qc2 Kg7 37. Nf3 Qd6 38. Kf2 Qd7 39. g4 Qd6 40. g5 1-0

[Event "Baltic Sea Cup"]
[Site "Ronne"]
[Date "2007.08.01"]
[Round "4.50"]
[White "Hansen, Ib Lynaes"]
[Black "Kristiansen, Orla"]
[Result "0-1"]
[WhiteElo "1926"]
[BlackElo "1842"]
[PlyCount "78"]
[EventDate "2007.07.30"]
[EventType "swiss"]
[EventRounds "9"]
[EventCountry "DEN"]
[SourceTitle "EXT 2023"]
[Source "ChessBase"]
[SourceDate "2022.10.05"]
[SourceVersion "1"]
[SourceVersionDate "2022.10.05"]
[SourceQuality "1"]

1. e4 e6 2. d4 d5 3. Bd3 dxe4 4. Bxe4 Nf6 5. Bf3 c5 6. Ne2 Nc6 7. Be3 Nd5 8. 0-0 Nxe3 9. fxe3 Bd6 10. c3 Qc7 11. h3 0-0 12. Na3 a6 13. Nc2 Rb8 14. e4 Rd8 15. Rc1 Qb6 16. Qe1 cxd4 17. cxd4 e5 18. Ne3 Nxd4 19. Nxd4 Qxd4 20. Kh1 Be6 21. b3 Bb4 22. Qe2 Bd2 23. Nd5 Bxd5 24. exd5 Bxc1 25. Rxc1 Rbc8 26. Rd1 Qf4 27. Qe1 f5 28. Qa5 e4 29. Be2 Qd6 30. a4 Rc2 31. Bc4 f4 32. Qe1 f3 33. Bf1 Re8 34. Qe3 Qg3 35. Qg1 f2 36. Qh2 Qxh2+ 37. Kxh2 e3 38. Bc4 Rxc4 39. bxc4 e2 0-1